[Event "Pion Frigant U2000"]
[Site "Contrecoeur CAN"]
[Date "2023.10.07"]
[Round "2.15"]
[White "Auersperg, Leo"]
[Black "Bouchard, Jean-Marc"]
[Result "1/2-1/2"]
[WhiteElo "1590"]
[BlackElo "1775"]
[PlyCount "110"]
[EventDate "2023.10.06"]
[EventType "swiss"]
[EventRounds "5"]
[EventCountry "CAN"]

1. e4 e6 2. d4 d5 3. Nc3 Nf6 4. e5 Nfd7 5. f4 c5 6. Nf3 cxd4 7. Nxd4 Nc6 8. Be3
a6 9. Qd2 Bb4 10. a3 Qa5 11. Nb3 Bxc3 12. Nxa5 Bxd2+ 13. Bxd2 O-O 14. Nb3 f6
15. exf6 Nxf6 16. Be2 Ne4 17. Be3 b5 18. O-O Bd7 19. Bf3 Nf6 20. Rad1 Be8 21.
Bc5 Rf7 22. Rfe1 Bd7 23. Bd6 Ne8 24. Be5 Nxe5 25. Rxe5 Rc8 26. Nd4 Rxf4 27.
Nxe6 Bxe6 28. Rxe6 Nf6 29. c3 a5 30. Bxd5 Nxd5 31. Rxd5 b4 32. axb4 axb4 33.
Re3 bxc3 34. bxc3 Ra8 35. Rf3 Re4 36. Kf2 h6 37. Rd2 Ra1 38. Rg3 Rc1 39. Rd8+
Kf7 40. Rd7+ Kf8 41. Rdxg7 Rxc3 42. Rg8+ Kf7 43. Rxc3 Kxg8 44. Rc7 Rf4+ 45. Kg3
Rf6 46. Kh4 Kh8 47. Kh5 Kg8 48. g4 Kh8 49. h4 Kg8 50. Ra7 Kh8 51. g5 hxg5 52.
hxg5 Rb6 53. Rf7 Ra6 54. Rf6 Ra7 55. Rh6+ Kg7 1/2-1/2

[Event "Pion Frigant U2000"]
[Site "Contrecoeur CAN"]
[Date "2023.10.07"]
[Round "2.16"]
[White "Janelle, Karl"]
[Black "St-Germain, Jack"]
[Result "1-0"]
[WhiteElo "1962"]
[BlackElo "1603"]
[PlyCount "153"]
[EventDate "2023.10.06"]
[EventType "swiss"]
[EventRounds "5"]
[EventCountry "CAN"]

1. e4 c5 2. Nc3 Nc6 3. f4 g6 4. Nf3 Bg7 5. Bb5 Nd4 6. O-O a6 7. Bd3 d6 8. Nxd4
cxd4 9. Ne2 Nf6 10. a4 O-O 11. Ng3 Nd7 12. Bc4 h5 13. Qe1 h4 14. Ne2 h3 15. d3
hxg2 16. Rf3 Nf6 17. Bb3 d5 18. e5 Nd7 19. Nxd4 Nc5 20. Be3 Nxb3 21. Nxb3 f6
22. exf6 Bxf6 23. Qg3 Kg7 24. f5 Qe8 25. Kxg2 Bd7 26. Raf1 Rc8 27. c3 Rg8 28.
Nd4 Qf7 29. Kh1 Kf8 30. Rg1 g5 31. Ne6+ Bxe6 32. fxe6 Qxe6 33. Bxg5 Ke8 34. Re1
Rxg5 35. Rxe6 Rxg3 36. hxg3 Kd7 37. Re2 b5 38. axb5 axb5 39. d4 b4 40. g4 Rg8
41. Rg2 b3 42. Re3 Bg5 43. Re5 e6 44. Kg1 Kd6 45. Kf1 Bf4 46. Rh5 Bg5 47. Ke2
e5 48. dxe5+ Kxe5 49. Rh7 Re8 50. Kd3 Rf8 51. Re2+ Kd6 52. Rh3 Rf4 53. Re8 Rf2
54. Re2 Rf1 55. c4 Rd1+ 56. Kc3 d4+ 57. Kxb3 d3 58. Rg2 d2 59. Rd3+ Kc6 60. Re2
Bf4 61. Kb4 Bd6+ 62. Rxd6+ Kxd6 63. Kc3 Rc1+ 64. Kxd2 Rxc4 65. Rg2 Ke7 66. Kd3
Rc1 67. g5 Kf7 68. b4 Kg6 69. Kd4 Rf1 70. Kc4 Re1 71. b5 Re4+ 72. Kc5 Re5+ 73.
Kc6 Re6+ 74. Kb7 Re7+ 75. Ka6 Re6+ 76. b6 Re1 77. Ra2 1-0

[Event "Pion Frigant U2000"]
[Site "Contrecoeur CAN"]
[Date "2023.10.07"]
[Round "2.17"]
[White "Forget, Luc"]
[Black "Berube, Maximilien"]
[Result "1/2-1/2"]
[WhiteElo "1756"]
[BlackElo "1915"]
[PlyCount "106"]
[EventDate "2023.10.06"]
[EventType "swiss"]
[EventRounds "5"]
[EventCountry "CAN"]

1. d4 Nf6 2. c4 e6 3. Nc3 Bb4 4. e3 O-O 5. Nge2 d5 6. a3 Bd6 7. Ng3 b6 8. cxd5
exd5 9. Bd3 Re8 10. O-O Bb7 11. Bd2 Nbd7 12. Rc1 a6 13. Nf5 Bf8 14. Qf3 g6 15.
Ng3 Bd6 16. Qd1 Nf8 17. f4 Ne6 18. h3 c5 19. Nce2 Ne4 20. Bc3 Rc8 21. Bb1 f5
22. Nxe4 fxe4 23. Qe1 c4 24. Ng3 Qh4 25. Qf2 Ng7 26. Nxe4 Qxf2+ 27. Nxf2 Rxe3
28. Ng4 Re7 29. Ne5 Rf8 30. g4 Bc8 31. Kg2 Ne6 32. Kg3 Kg7 33. Bb4 Bxb4 34.
axb4 Nxd4 35. Rce1 a5 36. bxa5 bxa5 37. Nf3 Rxe1 38. Rxe1 Nxf3 39. Kxf3 Kf6 40.
Bc2 Be6 41. b3 Rb8 42. bxc4 dxc4 43. Re5 Rb2 44. Bd1 Ra2 45. Rc5 Ra3+ 46. Ke4
Rxh3 47. Rxa5 h5 48. Ra6 Rh1 49. Bf3 Re1+ 50. Kd4 Rf1 51. Ke3 Ke7 52. gxh5 gxh5
53. Bxh5 Rh1 1/2-1/2

[Event "Pion Frigant U2000"]
[Site "Contrecoeur CAN"]
[Date "2023.10.07"]
[Round "2.18"]
[White "Straehl, Patrick"]
[Black "Mangahas, Ronald"]
[Result "0-1"]
[WhiteElo "1505"]
[BlackElo "1873"]
[PlyCount "94"]
[EventDate "2023.10.06"]
[EventType "swiss"]
[EventRounds "5"]
[EventCountry "CAN"]

1. c4 Nf6 2. Nc3 g6 3. Nf3 Bg7 4. g3 d6 5. Bg2 O-O 6. O-O e5 7. d3 Nbd7 8. b3
a5 9. Bb2 Nc5 10. Qc2 c6 11. Rad1 Qc7 12. e4 Bg4 13. h3 Bxf3 14. Bxf3 Ne6 15.
Ne2 Qc8 16. Bg2 c5 17. Qd2 a4 18. Ra1 Qd7 19. b4 a3 20. Bc3 Nd4 21. Bxd4 cxd4
22. b5 Qc7 23. f4 Nd7 24. f5 f6 25. g4 g5 26. Rf3 Nc5 27. h4 Bh6 28. Rh3 Qg7
29. h5 Qd7 30. Qc2 Rfc8 31. Nc1 Bf8 32. Nb3 Na4 33. Nc1 Qxb5 34. Rb1 Nb2 35.
Nb3 Qb4 36. Rc1 Rc6 37. Qb1 Rac8 38. Bf3 b5 39. Rc2 bxc4 40. dxc4 Rxc4 41. Rxc4
Rxc4 42. Be2 d3 43. Bxd3 Nxd3 44. Qxd3 Rxe4 45. Qd5+ Kh8 46. Qf7 Qe1+ 47. Kg2
Re2+ 0-1

[Event "Pion Frigant U2000"]
[Site "Contrecoeur CAN"]
[Date "2023.10.07"]
[Round "2.19"]
[White "Crete, Mathys"]
[Black "Morin, Maxime"]
[Result "1-0"]
[WhiteElo "1796"]
[BlackElo "1717"]
[PlyCount "75"]
[EventDate "2023.10.06"]
[EventType "swiss"]
[EventRounds "5"]
[EventCountry "CAN"]

1. d4 d5 2. c4 dxc4 3. e3 c5 4. Bxc4 cxd4 5. exd4 Nf6 6. Nf3 e6 7. O-O Be7 8.
Nc3 O-O 9. Re1 Nc6 10. h3 b6 11. Bf4 Bb7 12. Rc1 Rc8 13. Bd3 Re8 14. Bb1 Bf8
15. a3 g6 16. Qd2 Na5 17. Qd3 Nc4 18. Nd1 Nd6 19. Rxc8 Qxc8 20. Nc3 Qd7 21. Ne5
Qd8 22. Bg5 Be7 23. Ba2 Nf5 24. Nxf7 Kxf7 25. Bxe6+ Kg7 26. Bxf5 gxf5 27. Qxf5
Rf8 28. h4 h6 29. Bf4 Nd5 30. Be5+ Bf6 31. Qg4+ Kh8 32. Qg6 Bxe5 33. Qxh6+ Kg8
34. Rxe5 Qf6 35. Rg5+ Kf7 36. Qh5+ Ke7 37. Qe2+ Kd6 38. Ne4+ 1-0

[Event "Pion Frigant U2000"]
[Site "Contrecoeur CAN"]
[Date "2023.10.07"]
[Round "2.20"]
[White "Guillemette, Thomas"]
[Black "Ivanov Yuan, Maksim"]
[Result "1-0"]
[WhiteElo "1771"]
[BlackElo "1457"]
[PlyCount "53"]
[EventDate "2023.10.06"]
[EventType "swiss"]
[EventRounds "5"]
[EventCountry "CAN"]

1. e4 c5 2. c3 d5 3. exd5 Qxd5 4. Nf3 Nf6 5. Na3 e6 6. Bc4 Qd8 7. Nc2 Nc6 8. d4
cxd4 9. Ncxd4 Bd7 10. O-O Be7 11. Bf4 a6 12. Qe2 O-O 13. Rad1 Qb6 14. Rd2 Rfd8
15. Rfd1 Na5 16. Ne5 Rac8 17. Bd3 Nd5 18. Bxh7+ Kxh7 19. Qh5+ Kg8 20. Qxf7+ Kh8
21. Ng6+ Kh7 22. Nxe7 Nxe7 23. Be5 Kh6 24. Qxg7+ Kh5 25. Qh7+ Kg5 26. Nf3+ Kg4
27. h3# 1-0

[Event "Pion Frigant U2000"]
[Site "Contrecoeur CAN"]
[Date "2023.10.07"]
[Round "2.21"]
[White "Pelletier, Arnaud"]
[Black "Parenteau, Francois"]
[Result "1-0"]
[WhiteElo "1710"]
[BlackElo "1810"]
[PlyCount "55"]
[EventDate "2023.10.06"]
[EventType "swiss"]
[EventRounds "5"]
[EventCountry "CAN"]

1. Nf3 d5 2. e3 Nf6 3. b3 c5 4. Bb2 g6 5. d4 cxd4 6. exd4 Bg7 7. Nbd2 O-O 8.
Be2 Nc6 9. O-O Bf5 10. Ne5 Rc8 11. c4 Ne4 12. Ndf3 Qa5 13. cxd5 Nb4 14. Nc4 Qd8
15. Ne3 Nxd5 16. Nxd5 Qxd5 17. Bc4 Qa5 18. Qe2 Rfd8 19. g4 Rxc4 20. bxc4 Bxg4
21. Qxe4 Qh5 22. Ne5 f5 23. Qe3 Bh6 24. Qg3 Bh3 25. f4 Bg7 26. Rf3 Bg4 27. Nxg4
fxg4 28. Rd3 1-0

[Event "Pion Frigant U2000"]
[Site "Contrecoeur CAN"]
[Date "2023.10.07"]
[Round "2.22"]
[White "Marcouiller, David"]
[Black "Hudon, Paul"]
[Result "0-1"]
[WhiteElo "1778"]
[BlackElo "1669"]
[PlyCount "88"]
[EventDate "2023.10.06"]
[EventType "swiss"]
[EventRounds "5"]
[EventCountry "CAN"]

1. e4 c5 2. Nf3 Nc6 3. Bb5 g6 4. d4 cxd4 5. Bxc6 dxc6 6. Qxd4 Qxd4 7. Nxd4 Bg7
8. c3 e5 9. Nb3 Nf6 10. f3 O-O 11. Be3 Rd8 12. N1d2 b6 13. a4 Ba6 14. a5 Bd3
15. Nc1 Ba6 16. Kf2 Nh5 17. g3 f5 18. Ncb3 c5 19. Rhd1 f4 20. Bxc5 fxg3+ 21.
hxg3 bxc5 22. Nxc5 Bh6 23. Ndb3 Bc4 24. a6 Rdb8 25. Ra3 Bf8 26. Rd2 Bxb3 27.
Nd7 Bxa3 28. Nxb8 Bc5+ 29. Kg2 Rxb8 30. Rd7 Be6 31. Rd2 Rb3 32. g4 Nf4+ 33. Kg3
Kg7 34. Kh4 Kf6 35. Kg3 h5 36. gxh5 gxh5 37. c4 h4+ 38. Kh2 Rxf3 39. Rc2 Nd3
40. Rc3 Bb4 41. Rc2 Rh3+ 42. Kg1 Bc5+ 43. Kf1 Rh1+ 44. Kg2 Ne1+ 0-1

[Event "Pion Frigant U2000"]
[Site "Contrecoeur CAN"]
[Date "2023.10.07"]
[Round "2.23"]
[White "Couture-Harpin, Nicolas"]
[Black "Moisescu, George"]
[Result "1-0"]
[WhiteElo "1746"]
[BlackElo "1657"]
[PlyCount "69"]
[EventDate "2023.10.06"]
[EventType "swiss"]
[EventRounds "5"]
[EventCountry "CAN"]

1. Nf3 d5 2. g3 Nf6 3. Bg2 e6 4. O-O Be7 5. d4 O-O 6. c4 b6 7. Nc3 Bb7 8. Ne5
Nbd7 9. Qa4 Nxe5 10. dxe5 Ne8 11. cxd5 exd5 12. Nxd5 Bxd5 13. Rd1 c6 14. e4 b5
15. Qc2 Qc7 16. exd5 cxd5 17. Qb3 Qxe5 18. Bf4 Qf6 19. Bxd5 Rd8 20. Qxb5 Nd6
21. Qe2 Ne8 22. Rac1 Bd6 23. Be3 Nc7 24. Bc6 Be5 25. Bg2 Rxd1+ 26. Qxd1 Rd8 27.
Qa4 a6 28. h4 Qe7 29. b3 Bxg3 30. Bg5 f6 31. fxg3 fxg5 32. Qc4+ Ne6 33. Bd5 Re8
34. Re1 Kf7 35. Bxe6+ 1-0

[Event "Pion Frigant U2000"]
[Site "Contrecoeur CAN"]
[Date "2023.10.07"]
[Round "2.24"]
[White "Duplessis, Jean-Roch"]
[Black "Dufresne, Christophe"]
[Result "1/2-1/2"]
[WhiteElo "1619"]
[BlackElo "1745"]
[PlyCount "91"]
[EventDate "2023.10.06"]
[EventType "swiss"]
[EventRounds "5"]
[EventCountry "CAN"]

1. e4 e5 2. Nf3 Nc6 3. Nc3 Nf6 4. Bb5 Bc5 5. O-O d6 6. d4 exd4 7. Nxd4 Bg4 8.
f3 Bd7 9. Bxc6 Bxc6 10. Kh1 O-O 11. Nxc6 bxc6 12. Na4 Nd7 13. Nxc5 Nxc5 14. Be3
Ne6 15. c3 c5 16. b4 cxb4 17. cxb4 c5 18. bxc5 dxc5 19. Qd5 Qe7 20. Rfc1 Rac8
21. Rab1 Rfd8 22. Qc4 h6 23. Rb5 Rc6 24. Rcb1 Rdc8 25. Rb7 R6c7 26. Qa6 Rxb7
27. Rxb7 Rc7 28. Rxc7 Qxc7 29. Qc4 Kh7 30. a4 Qb6 31. Qb5 Qxb5 32. axb5 Nc7 33.
Bxc5 Nxb5 34. Bb4 Kg6 35. Kg1 Kf6 36. Kf2 Ke6 37. Bf8 Kf6 38. Bb4 g6 39. Ke3
Ke6 40. Kd3 f5 41. g4 fxg4 42. fxg4 Ke5 43. Bf8 h5 44. gxh5 gxh5 45. Bg7+ Ke6
46. Ke3 1/2-1/2

[Event "Pion Frigant U2000"]
[Site "Contrecoeur CAN"]
[Date "2023.10.07"]
[Round "2.25"]
[White "Dumoulin, Sylvain"]
[Black "Porlier, Xavier"]
[Result "1/2-1/2"]
[WhiteElo "1726"]
[BlackElo "1557"]
[PlyCount "62"]
[EventDate "2023.10.06"]
[EventType "swiss"]
[EventRounds "5"]
[EventCountry "CAN"]

1. Nc3 e5 2. Nf3 Nc6 3. d4 exd4 4. Nxd4 Nf6 5. Bg5 Bc5 6. e3 Nxd4 7. exd4 Be7
8. Bxf6 Bxf6 9. Qe2+ Qe7 10. Nd5 Qxe2+ 11. Bxe2 Bd8 12. O-O-O c6 13. Ne3 d5 14.
Bd3 Bf6 15. c3 Be6 16. Kb1 b5 17. f4 h5 18. Rde1 Kd8 19. f5 Bd7 20. h4 Kc7 21.
Re2 Rab8 22. g4 hxg4 23. Nxg4 Rxh4 24. Rxh4 Bxh4 25. Rh2 Bg5 26. Rh7 Rg8 27. f6
gxf6 28. Rxf7 Kd6 29. Nh6 Bxh6 30. Rxf6+ Kc7 31. Rxh6 Rg3 1/2-1/2

[Event "Pion Frigant U2000"]
[Site "Contrecoeur CAN"]
[Date "2023.10.07"]
[Round "2.26"]
[White "Falcon, Luis"]
[Black "Kiryakov, Marin"]
[Result "1/2-1/2"]
[WhiteElo "1480"]
[BlackElo "1695"]
[PlyCount "92"]
[EventDate "2023.10.06"]
[EventType "swiss"]
[EventRounds "5"]
[EventCountry "CAN"]

1. e4 d6 2. d4 Nf6 3. Nc3 g6 4. Nf3 Bg7 5. Be2 O-O 6. O-O a6 7. h3 Nc6 8. Be3
e5 9. dxe5 dxe5 10. a3 h6 11. Qc1 Kh7 12. Rd1 Qe7 13. Qd2 Rd8 14. Qe1 Be6 15.
Rxd8 Rxd8 16. Rd1 Nh5 17. Nd5 Bxd5 18. exd5 Nb8 19. Nd2 Nf4 20. c4 c6 21. Bf1
Qc7 22. g3 Nh5 23. Bg2 f5 24. Nf1 f4 25. Bd2 cxd5 26. cxd5 fxg3 27. fxg3 Qb6+
28. Kh2 Qxb2 29. Rb1 Qxa3 30. Rxb7 Rf8 31. Bb4 Qb2 32. Rxg7+ Kxg7 33. Bxf8+
Kxf8 34. Qa5 Ke7 35. Qc7+ Nd7 36. Ne3 Qb6 37. d6+ Qxd6 38. Nd5+ Ke6 39. Qc2 Kf7
40. Qf2+ Kg7 41. Qa7 Nhf6 42. Nc7 e4 43. Bxe4 Qd2+ 44. Bg2 a5 45. Nd5 h5 46. h4
Qd3 1/2-1/2

[Event "Pion Frigant U2000"]
[Site "Contrecoeur CAN"]
[Date "2023.10.07"]
[Round "3.11"]
[White "Chouchane, Amine"]
[Black "Peloquin, Charli"]
[Result "1-0"]
[WhiteElo "1957"]
[BlackElo "1870"]
[PlyCount "94"]
[EventDate "2023.10.06"]
[EventType "swiss"]
[EventRounds "5"]
[EventCountry "CAN"]

1. Nf3 Nf6 2. d4 e6 3. g3 c5 4. c4 cxd4 5. Nxd4 Nc6 6. Bg2 d5 7. Nc3 Bb4 8. O-O
O-O 9. cxd5 Nxd5 10. Nxd5 exd5 11. Nc2 Be6 12. Nxb4 Nxb4 13. a3 Nc6 14. b4 Qf6
15. Rb1 Qg6 16. Bb2 Rfd8 17. Rc1 Rd7 18. Qd2 a6 19. Rfd1 Na7 20. a4 Nc8 21. Qd4
Nd6 22. Ba1 Rad8 23. Qb6 h5 24. h4 Nc4 25. Qd4 Bg4 26. Re1 Be6 27. Bf3 f6 28.
Qf4 b5 29. a5 Bf5 30. Kh2 Re8 31. Rcd1 Be4 32. Rd4 Bxf3 33. Qxf3 Ne5 34. Qb3
Qf5 35. Kg2 Ng4 36. Rf4 Qe6 37. e3 g5 38. hxg5 fxg5 39. Qb2 Kh7 40. Qb1+ Qg6
41. Rf5 Re4 42. Rf8 Kh6 43. f3 Rxb4 44. Qxg6+ Kxg6 45. fxg4 Rxg4 46. Rc1 Kh6
47. Rh8+ Rh7 1-0

[Event "Pion Frigant U2000"]
[Site "Contrecoeur CAN"]
[Date "2023.10.07"]
[Round "3.12"]
[White "Roy, Stephane"]
[Black "Crete, Mathys"]
[Result "0-1"]
[WhiteElo "1634"]
[BlackElo "1796"]
[PlyCount "68"]
[EventDate "2023.10.06"]
[EventType "swiss"]
[EventRounds "5"]
[EventCountry "CAN"]

1. Nf3 Nf6 2. c4 g6 3. Nc3 Bg7 4. e3 O-O 5. b3 c5 6. Bb2 Nc6 7. a3 e5 8. Qc2 d6
9. Bd3 h6 10. h3 Be6 11. g4 d5 12. e4 dxc4 13. Bxc4 Nd4 14. Nxd4 exd4 15. Nd1
Bxc4 16. bxc4 Nxe4 17. d3 Ng5 18. Kd2 Re8 19. Kc1 Qd7 20. f4 Ne6 21. Qf2 Nf8
22. Kb1 Re7 23. f5 Bh8 24. Qh4 Kh7 25. Bc1 Re3 26. g5 Qxf5 27. Qxh6+ Kg8 28.
Bxe3 Qxd3+ 29. Kc1 dxe3 30. Ra2 e2 31. Nf2 Qc3+ 32. Rc2 e1=Q+ 33. Rxe1 Qxe1+
34. Nd1 Bg7 0-1

[Event "Pion Frigant U2000"]
[Site "Contrecoeur CAN"]
[Date "2023.10.07"]
[Round "3.13"]
[White "Janelle, Karl"]
[Black "Guillemette, Thomas"]
[Result "0-1"]
[WhiteElo "1962"]
[BlackElo "1771"]
[PlyCount "90"]
[EventDate "2023.10.06"]
[EventType "swiss"]
[EventRounds "5"]
[EventCountry "CAN"]

1. e4 c5 2. Nc3 Nc6 3. f4 g6 4. Nf3 Bg7 5. Bb5 Nd4 6. O-O a6 7. Bd3 d6 8. Nxd4
cxd4 9. Ne2 Nf6 10. b3 e5 11. a4 O-O 12. fxe5 dxe5 13. Ba3 Re8 14. Qe1 Bd7 15.
h3 h5 16. Qf2 Bc6 17. Qf3 Qd7 18. Rf2 b5 19. a5 Qb7 20. Raf1 Bxe4 21. Bxe4 Qxe4
22. Qxe4 Nxe4 23. Rxf7 Nxd2 24. R1f2 Ne4 25. Rf1 Bf8 26. Rxf8+ Rxf8 27. Rxf8+
Rxf8 28. Bxf8 Kxf8 29. Nc1 Ke7 30. Nd3 Kd6 31. Kf1 Nc5 32. Nf2 Kd5 33. Ke2 e4
34. h4 Nb7 35. Nh3 Ke5 36. b4 Nd8 37. g3 Nc6 38. Nf4 Nxb4 39. Nxg6+ Kf5 40. Nf4
Kg4 41. Ne6 Nxc2 42. Nc5 d3+ 43. Kd2 Kf3 44. Kd1 Nb4 45. Ke1 e3 0-1

[Event "Pion Frigant U2000"]
[Site "Contrecoeur CAN"]
[Date "2023.10.07"]
[Round "3.14"]
[White "Mangahas, Ronald"]
[Black "Scott, Benjamin"]
[Result "0-1"]
[WhiteElo "1873"]
[BlackElo "1637"]
[PlyCount "100"]
[EventDate "2023.10.06"]
[EventType "swiss"]
[EventRounds "5"]
[EventCountry "CAN"]

1. e4 c6 2. d4 d5 3. Nc3 dxe4 4. Nxe4 Bf5 5. Ng3 Bg6 6. Nf3 Nd7 7. Bc4 e6 8.
O-O Ngf6 9. Re1 Be7 10. c3 O-O 11. Nh4 Nb6 12. Nxg6 hxg6 13. Bb3 c5 14. dxc5
Qxd1 15. Rxd1 Bxc5 16. Bg5 Rfd8 17. h3 Rac8 18. Kf1 Kf8 19. Ke2 Be7 20. Rxd8+
Rxd8 21. Rd1 Nfd5 22. Bc1 Rc8 23. Nf1 Nc4 24. g3 b5 25. Bxc4 bxc4 26. Ne3 Nb6
27. Ng4 f6 28. Be3 Nd5 29. Bd4 Ke8 30. Ne3 Nxe3 31. Bxe3 a5 32. Kd2 Rd8+ 33.
Kc2 Rxd1 34. Kxd1 a4 35. Kc2 Kd7 36. b3 axb3+ 37. axb3 cxb3+ 38. Kxb3 Kc6 39.
c4 g5 40. g4 g6 41. f3 f5 42. Bd4 Bd6 43. Bf6 Bf4 44. Kc3 Bc1 45. Kd3 Kd6 46.
Bc3 e5 47. Bb4+ Kc6 48. Bd2 Bxd2 49. Kxd2 Kc5 50. Kd3 Kb4 0-1

[Event "Pion Frigant U2000"]
[Site "Contrecoeur CAN"]
[Date "2023.10.07"]
[Round "3.15"]
[White "Couture, Jonathan"]
[Black "Auersperg, Leo"]
[Result "1-0"]
[WhiteElo "1830"]
[BlackElo "1590"]
[PlyCount "35"]
[EventDate "2023.10.06"]
[EventType "swiss"]
[EventRounds "5"]
[EventCountry "CAN"]

1. e4 c6 2. d4 d5 3. f3 dxe4 4. fxe4 e5 5. Nf3 Bg4 6. Bc4 Nd7 7. c3 Ngf6 8. Qb3
Bh5 9. Ng5 Qe7 10. Qxb7 Rb8 11. Qxc6 h6 12. Nf3 Bxf3 13. gxf3 g6 14. b3 Bg7 15.
Ba3 Qd8 16. dxe5 Nh5 17. Bxf7+ Kxf7 18. Qd5+ 1-0

[Event "Pion Frigant U2000"]
[Site "Contrecoeur CAN"]
[Date "2023.10.07"]
[Round "3.16"]
[White "Bouchard, Jean-Marc"]
[Black "Pelletier, Arnaud"]
[Result "1-0"]
[WhiteElo "1775"]
[BlackElo "1710"]
[PlyCount "69"]
[EventDate "2023.10.06"]
[EventType "swiss"]
[EventRounds "5"]
[EventCountry "CAN"]

1. b3 c5 2. Bb2 Nf6 3. e3 Nc6 4. Nf3 d5 5. d4 cxd4 6. Nxd4 g6 7. Nxc6 bxc6 8.
Bxf6 exf6 9. Bd3 f5 10. c3 Bg7 11. O-O O-O 12. Qc2 Qf6 13. Rc1 c5 14. Nd2 Bb7
15. Rab1 Rac8 16. Qd1 Rfd8 17. Rc2 Qc6 18. Qf1 Be5 19. Nf3 Bc7 20. Be2 Qd6 21.
g3 Qf6 22. Qd1 g5 23. Bf1 f4 24. exf4 gxf4 25. Bg2 d4 26. cxd4 Be4 27. Rxc5
Bxb1 28. Qxb1 fxg3 29. hxg3 Kf8 30. Qxh7 Bb6 31. Rf5 Qg7 32. Qh3 Bxd4 33. Ng5
Rc1+ 34. Kh2 Rd7 35. Ne6+ 1-0

[Event "Pion Frigant U2000"]
[Site "Contrecoeur CAN"]
[Date "2023.10.07"]
[Round "3.17"]
[White "Berube, Maximilien"]
[Black "Brassard, Sylvain"]
[Result "0-1"]
[WhiteElo "1915"]
[BlackElo "1739"]
[PlyCount "114"]
[EventDate "2023.10.06"]
[EventType "swiss"]
[EventRounds "5"]
[EventCountry "CAN"]

1. d4 d5 2. Nf3 Nf6 3. c4 e6 4. g3 c6 5. Bg2 Bd6 6. O-O Nbd7 7. Qc2 O-O 8. Nbd2
Re8 9. e4 dxe4 10. Ng5 Bf8 11. Ngxe4 e5 12. Nxf6+ Nxf6 13. dxe5 Rxe5 14. Nb3
Bf5 15. Qc3 Re8 16. Bg5 Ne4 17. Bxd8 Nxc3 18. Bg5 Ne4 19. Bf4 a5 20. Rad1 a4
21. Nd4 Bg6 22. a3 Rad8 23. Nf3 f6 24. Be3 Bc5 25. Bxc5 Nxc5 26. Rfe1 Rxe1+ 27.
Rxe1 Kf7 28. Bf1 Be4 29. Re3 Bxf3 30. Rxf3 Rd2 31. Rf5 Nb3 32. c5 Rxb2 33. Bc4+
Kf8 34. Bxb3 Rxb3 35. Rf4 Rxa3 36. Rb4 Rb3 37. Rxa4 Rb5 38. Ra7 Ke7 39. Kf1 Ke6
40. Ke2 Kd5 41. Ra8 Rxc5 42. Rg8 g6 43. Rg7 b5 44. Rxh7 b4 45. Rb7 Kc4 46. Kd2
Kb3 47. h4 Ka3 48. g4 b3 49. Ra7+ Kb2 50. Ra6 Kb1 51. h5 gxh5 52. gxh5 b2 53.
h6 Rd5+ 54. Ke2 c5 55. h7 Rh5 56. Rc6 Rxh7 57. Rxc5 Ra7 0-1

[Event "Pion Frigant U2000"]
[Site "Contrecoeur CAN"]
[Date "2023.10.07"]
[Round "3.18"]
[White "Democri, Fardin"]
[Black "Cote, Etienne"]
[Result "1-0"]
[WhiteElo "1739"]
[BlackElo "1817"]
[PlyCount "59"]
[EventDate "2023.10.06"]
[EventType "swiss"]
[EventRounds "5"]
[EventCountry "CAN"]

1. e4 e6 2. Nc3 d5 3. d4 Nf6 4. e5 Nfd7 5. Nf3 c5 6. Bg5 f6 7. exf6 Nxf6 8.
Bb5+ Nc6 9. Ne5 Bd7 10. Qe2 cxd4 11. Nxd5 Nxe5 12. Qxe5 Kf7 13. Nxf6 gxf6 14.
Bxf6 Qxf6 15. Qxf6+ Kxf6 16. Bxd7 Bb4+ 17. Ke2 a6 18. a3 Bc5 19. Kd3 Rad8 20.
Ba4 b5 21. Bb3 e5 22. Rae1 a5 23. Re4 a4 24. Ba2 b4 25. axb4 Bxb4 26. f4 Rhe8
27. fxe5+ Rxe5 28. Rf1+ Rf5 29. Re6+ Kg5 30. h4+ 1-0

[Event "Pion Frigant U2000"]
[Site "Contrecoeur CAN"]
[Date "2023.10.07"]
[Round "3.19"]
[White "St-Germain, Jack"]
[Black "Forget, Luc"]
[Result "1/2-1/2"]
[WhiteElo "1603"]
[BlackElo "1756"]
[PlyCount "117"]
[EventDate "2023.10.06"]
[EventType "swiss"]
[EventRounds "5"]
[EventCountry "CAN"]

1. e4 e5 2. Nf3 Nc6 3. Bb5 a6 4. Ba4 Nf6 5. O-O Be7 6. Re1 b5 7. Bb3 d6 8. a4
Rb8 9. axb5 axb5 10. h3 O-O 11. c3 h6 12. d4 exd4 13. cxd4 d5 14. e5 Ne4 15.
Nc3 Bb4 16. Nxe4 Bxe1 17. Qxe1 dxe4 18. Qxe4 Ne7 19. Nh4 Be6 20. Bc2 f5 21.
exf6 Rxf6 22. Bf4 Nf5 23. Be5 Nxh4 24. Qxh4 Rf7 25. Qg3 Qg5 26. Qxg5 hxg5 27.
Bg6 Re7 28. Ra7 Rc8 29. Rb7 Bc4 30. Ra7 Bd5 31. Kh2 Ra8 32. Rxa8+ Bxa8 33. g3
Bd5 34. b4 c6 35. h4 gxh4 36. gxh4 Ra7 37. f4 Ra2+ 38. Kh3 Rb2 39. Bd6 Rd2 40.
Bc5 Rg2 41. h5 Rg1 42. Kh4 Be6 43. f5 Bd5 44. Bd6 Bf3 45. Be5 Rg4+ 46. Kh3 Kf8
47. Bd6+ Kg8 48. Bc5 Rg1 49. Be8 Bd5 50. Kh4 Rg2 51. Bd6 Rg1 52. Bg6 Rg2 53.
Be5 Rg1 54. Kh3 Rb1 55. f6 Rh1+ 56. Kg3 gxf6 57. Bxf6 Rg1+ 58. Kf4 Rxg6 59.
hxg6 1/2-1/2

[Event "Pion Frigant U2000"]
[Site "Contrecoeur CAN"]
[Date "2023.10.07"]
[Round "3.20"]
[White "Hudon, Paul"]
[Black "Couture-Harpin, Nicolas"]
[Result "0-1"]
[WhiteElo "1669"]
[BlackElo "1461"]
[PlyCount "56"]
[EventDate "2023.10.06"]
[EventType "swiss"]
[EventRounds "5"]
[EventCountry "CAN"]

1. e4 Nf6 2. Nc3 e5 3. Nf3 Nc6 4. d4 exd4 5. Nxd4 Bb4 6. Nxc6 bxc6 7. Qd4 Qe7
8. f3 d5 9. a3 Bc5 10. Qd3 O-O 11. Be3 Bxe3 12. Qxe3 Re8 13. O-O-O Bb7 14. Na4
dxe4 15. Nc5 Rab8 16. fxe4 Ng4 17. Qf4 Qxc5 18. Qxg4 Qe3+ 19. Kb1 Bc8 20. Qf3
Qb6 21. b3 Be6 22. Kb2 c5 23. Qc3 Qc6 24. Bd3 c4 25. b4 a5 26. Be2 Qa4 27. Bxc4
axb4 28. axb4 Bxc4 0-1

[Event "Pion Frigant U2000"]
[Site "Contrecoeur CAN"]
[Date "2023.10.07"]
[Round "3.21"]
[White "Dufresne, Christophe"]
[Black "Straehl, Patrick"]
[Result "1-0"]
[WhiteElo "1745"]
[BlackElo "1505"]
[PlyCount "55"]
[EventDate "2023.10.06"]
[EventType "swiss"]
[EventRounds "5"]
[EventCountry "CAN"]

1. e4 c5 2. Nf3 d6 3. c3 Nf6 4. Bd3 Bg4 5. Bc2 Nc6 6. d3 e6 7. Nbd2 Be7 8. Nf1
O-O 9. h3 Bxf3 10. Qxf3 d5 11. Ng3 h6 12. O-O Bd6 13. Nh5 Nxh5 14. Qxh5 Qf6 15.
f4 dxe4 16. dxe4 e5 17. f5 Be7 18. Bb3 Qh4 19. Qg6 Qxe4 20. Bxh6 Bf6 21. Bg5
Ne7 22. Qh5 Bxg5 23. Qxg5 c4 24. Rad1 Qc6 25. f6 Ng6 26. Bc2 gxf6 27. Rxf6 Qc5+
28. Kh1 1-0

[Event "Pion Frigant U2000"]
[Site "Contrecoeur CAN"]
[Date "2023.10.07"]
[Round "3.22"]
[White "Ivanov Yuan, Maksim"]
[Black "Dumoulin, Sylvain"]
[Result "1/2-1/2"]
[WhiteElo "1457"]
[BlackElo "1726"]
[PlyCount "64"]
[EventDate "2023.10.06"]
[EventType "swiss"]
[EventRounds "5"]
[EventCountry "CAN"]

1. e4 e6 2. d4 d5 3. exd5 exd5 4. c4 Nc6 5. Nf3 Bb4+ 6. Nc3 Bg4 7. Be3 Nf6 8.
a3 Bxc3+ 9. bxc3 O-O 10. Be2 Re8 11. O-O Na5 12. Ne5 Bxe2 13. Qxe2 Nxc4 14.
Nxc4 dxc4 15. Qxc4 c6 16. Bg5 Qd5 17. Qxd5 Nxd5 18. c4 Nc3 19. Be3 Rad8 20.
Rfe1 b5 21. h3 h6 22. Kf1 bxc4 23. Rec1 Nd5 24. Bd2 c3 25. Bxc3 Nxc3 26. Rxc3
Rxd4 27. Rxc6 Ra4 28. Rc7 Rb8 29. g3 Rb3 30. Rd1 Rf3 31. Rdd7 Raxa3 32. Rxa7
Rxa7 1/2-1/2

[Event "Pion Frigant U2000"]
[Site "Contrecoeur CAN"]
[Date "2023.10.07"]
[Round "3.23"]
[White "Morin, Maxime"]
[Black "Falcon, Luis"]
[Result "1-0"]
[WhiteElo "1717"]
[BlackElo "1480"]
[PlyCount "49"]
[EventDate "2023.10.06"]
[EventType "swiss"]
[EventRounds "5"]
[EventCountry "CAN"]

1. e4 d6 2. d4 Nf6 3. Nc3 g6 4. f4 Bg7 5. Nf3 c5 6. Bb5+ Bd7 7. Bxd7+ Nbxd7 8.
e5 Ng4 9. exd6 exd6 10. Qe2+ Kf8 11. d5 Bxc3+ 12. bxc3 Qa5 13. O-O Qxc3 14. Rb1
Re8 15. Qb5 Nb6 16. Bb2 Qe3+ 17. Kh1 Nf2+ 18. Kg1 Nd3+ 19. Kh1 Nxb2 20. Rbe1
Qc3 21. Rxe8+ Kg7 22. Rxh8 Kxh8 23. Qe8+ Kg7 24. f5 gxf5 25. Nh4 1-0